|
|
|
|
| LEADER |
00000nam0a2200000 4500 |
| 001 |
316557 |
| 005 |
20231102002904.0 |
| 035 |
|
|
|a (RuTPU)RU\TPU\book\342008
|
| 090 |
|
|
|a 316557
|
| 100 |
|
|
|a 20160324d1982 km y0rusy50 ca
|
| 101 |
0 |
|
|a rus
|
| 102 |
|
|
|a RU
|
| 105 |
|
|
|a a z 001zy
|
| 200 |
1 |
|
|a Особенности организации электромонтажных работ на высоте
|f А. Н. Трифонов
|
| 210 |
|
|
|a Москва
|c Энергоиздат
|d 1982
|
| 215 |
|
|
|a 88 с.
|c ил.
|
| 225 |
1 |
|
|a Библиотека электромонтера
|v Вып. 535
|
| 320 |
|
|
|a Библиогр.: с. 85
|
| 606 |
1 |
|
|a Электромонтажные работы
|2 stltpush
|3 (RuTPU)RU\TPU\subj\20281
|9 45391
|
| 610 |
1 |
|
|a высотные работы
|
| 610 |
1 |
|
|a высотное оборудование
|
| 610 |
1 |
|
|a материалы
|
| 610 |
1 |
|
|a организация работы
|
| 610 |
1 |
|
|a оплата труда
|
| 610 |
1 |
|
|a строительные машины
|
| 610 |
1 |
|
|a спецодежда
|
| 610 |
1 |
|
|a техника безопасности
|
| 675 |
|
|
|a 621.31.002.72
|v 4
|
| 700 |
|
1 |
|a Трифонов
|b А. Н.
|g Александр Николаевич
|
| 801 |
|
1 |
|a RU
|b 63413507
|c 20160324
|
| 801 |
|
2 |
|a RU
|b 63413507
|c 20200114
|g RCR
|
| 942 |
|
|
|c BK
|